What Happened in 1969? - Statistics

General Stats
  • This quiz has been taken 90 times
    54 since last reset
  • The average score is 5 of 12
Answer Stats
Month Question Answer % Correct
January Who became president? Richard Nixon
90%
December The first draft lottery in the United States since WWII is put in place to recruit people for this war The Vietnam War
59%
May The Andean Group is established between Colombia, Bolivia, Ecuador, and Peru
57%
October This Asian capital's subway first opens Beijing
49%
March Sirhan Sirhan admitted to killing Robrt F Kennedy in a court in this city Los Angeles
43%
November The United States returns this island to Japan post WWII Okinawa
41%
February What plane flew for the first time? 747
39%
July Neil Armstrong takes his first steps on the moon, saying One small step for (a) man, one giant leap for mankind
37%
September What device is first implemented in a New York bank? The ATM
35%
April The first MLB team out side of the US is opened here Montreal
33%
June Francisco Franco closes the border between Spain and who? Gibraltar
18%
August American chain Long John Silvers opens it's first restaurant in the state of Kentucky
4%
No matching quizzes found
Score Distribution
Percent of People with Each Score
Percentile by Number Answered
Your Score History
You have not taken this quiz since the last reset